00443nam a22001337a 4500008004100000040005500041080002100096100002400117245007300141260005000214300001500264650001600279653001400295230410b |||||||| |||| 00| 0 eng d aNational Science LibrarycNational Science Library a338:63](540)bL5 aHanumantha Rao, C H aTechnological change and distribution of gains in Indian agriculture aDelhi: bInstitute of Economic Growth, c1975 axiv, 249p. aAgriculture aEconomic